Airport Full Names - Statistics

General Stats
  • This quiz has been taken 7 times
    5 since last reset
  • The average score is 13 of 45
Answer Stats
ICAO codes Answer % Correct
EGLL London Heathrow | London Heathrow International Airport
80%
KORD Chicago O'Hare | Chicago O’Hare International Airport
60%
KDFW Dallas Fort Worth | Dallas Fort Worth International Airport
60%
KJFK New York John F. Kennedy | New York John F. Kennedy International Airport
60%
KSFO San Francisco | San Francisco International Airport
60%
KSEA Seattle Tacoma | Seattle Tacoma International Airport
60%
KATL Atlanta Hartsfield–Jackson | Atlanta Hartsfield-Jackson International Airport
40%
ZBAA Beijing Capital | Beijing Capital International Airport
40%
KMDW Chicago Midway | Chicago Midway International Airport
40%
KLAX Los Angeles | Los Angeles International Airport
40%
KEWR Newark Liberty | Newark Liberty International Airport
40%
KLGA New York LaGuardia | New York LaGuardia Airport
40%
RKSI Seoul Incheon | Seoul Incheon International Airport
40%
ZSPD Shanghai Pudong | Shanghai Pudong International Airport
40%
WSSS Singapore Changi | Singapore Changi International Airport
40%
RJTT Tokyo Haneda | Tokyo Haneda International Airport
40%
RJAA Tokyo Narita | Tokyo Narita International Airport
40%
LEMD Adolfo Suárez Madrid–Barajas | Adolfo Suárez Madrid-Barajas International Airport
20%
EHAM Amsterdam Schiphol | Amsterdam Schiphol International Airport
20%
EGNX East Midlands | East Midlands International Airport
20%
EDDF Frankfurt am Main | Frankfurt am Main International Airport
20%
EDFH Frankfurt Hahn | Frankfurt Hahn International Airport
20%
ZGGG Guangzhou Baiyun | Guangzhou Baiyun International Airport
20%
VHHH Hong Kong Chek Lap Kok | Hong Kong Chek Lap Kok International Airport
20%
VHHX Hong Kong Kai Tak | Hong Kong Kai Tak International Airport (Closed)
20%
FAOR Johannesburg O.R. Tambo | Johannesburg O.R. Tambo International Airport
20%
BIKF Keflavík | Keflavík International Airport
20%
EGSS London Stansted | London Stansted International Airport
20%
CYUL Montreal Pierre Elliott Trudeau | Montreal Pierre Elliott Trudeau International Airport
20%
EDDM Munich Franz Josef Strauss | Munich Franz Josef Strauss International Airport
20%
RJGG Nagoya Chubu | Nagoya Chubu Centrair International Airport
20%
KMSY New Orleans Louis Armstrong | New Orleans Louis Armstrong International Airport
20%
RJBB Osaka Kansai | Osaka Kansai International Airport
20%
LFPG Paris Roissy Charles de Gaulle | Paris Roissy Charles de Gaulle International Airport
20%
LIRF Rome Leonardo da Vinci | Rome Leonardo da Vinci–Fiumicino International Airport
20%
RKSS Seoul Gimpo | Seoul Gimpo International Airport
20%
ZGSZ Shenzhen Bao’an | Shenzhen Bao’an International Airport
20%
CYYZ Toronto Lester B. Pearson | Toronto Lester B. Pearson International Airport
20%
LSZH Zurich Kloten | Zurich Kloten International Airport
20%
HAAB Addis Ababa Bole | Addis Ababa Bole International Airport
0%
SAEZ Buenos Aires Ministro Pistarini | Buenos Aires Ministro Pistarini International Airport
0%
FACT Cape Town | Cape Town International Airport
0%
MMMX Mexico City Benito Juárez | Mexico City Benito Juárez International Airport
0%
SBGL Rio de Janeiro–Galeão | Rio de Janeiro–Galeão International Airport
0%
SBGR São Paulo Guarulhos–Governador | São Paulo Guarulhos–Governador André Franco Montoro International Airport
0%
No matching quizzes found
Score Distribution
Percent of People with Each Score
Percentile by Number Answered
Your Score History
You have not taken this quiz since the last reset